[Event "Rooks-Tyros"]
[Site "?"]
[Date "1999.10.19"]
[Round "?"]
[White "Baurac, D"]
[Black "Stinson, M"]
[Result "0-1"]
[WhiteElo "1725"]
[BlackElo "1942"]
[PlyCount "130"]
[EventDate "1999.??.??"]

1. d4 Nf6 2. Nf3 e6 3. Bf4 d5 4. e3 Be7 5. Bd3 Nbd7 6. h3 O-O 7. Nbd2 c5 8. c3
b6 9. Ne5 Nxe5 10. dxe5 Nd7 11. h4 f5 12. Qh5 Qe8 13. Qxe8 Rxe8 14. Bb5 Rd8 15.
Bxd7 Rxd7 16. Bg5 Bf8 17. Nf3 Bb7 18. h5 d4 19. exd4 Bxf3 20. gxf3 cxd4 21. Rd1
Rc8 22. cxd4 Rc2 23. d5 Rxb2 24. d6 Rxa2 25. Rc1 Ra5 26. f4 h6 27. Bh4 Ra4 28.
Rc7 Rxc7 29. dxc7 Rc4 30. Bd8 Bb4+ 31. Ke2 Kf7 32. Rd1 Ke8 33. Ke3 b5 34. Kd3
Rc6 35. Rb1 Ba5 36. Rxb5 Bxc7 37. Bxc7 Rxc7 38. Rb8+ Ke7 39. Ra8 Kd7 40. Kd4
Rb7 41. Kc5 Kc7 42. Re8 Kd7 43. Ra8 Kc7 44. Re8 Kd7 45. Ra8 Ke7 46. Rg8 Rc7+
47. Kb5 Kf7 48. Ra8 Ke7 49. Ka6 Kf7 50. Kb5 g6 51. hxg6+ Kxg6 52. Rf8 Rb7+ 53.
Ka6 Re7 54. Ra8 Kh5 55. Rg8 Kh4 56. Rg3 Kh5 57. Rg8 Kh4 58. Rg3 h5 59. Rg6 Kh3
60. Rg3+ Kh2 61. Rg5 h4 62. Rg6 h3 63. Rg3 Rh7 64. Rg6 Kh1 65. Rxe6 Kg2 0-1

[Event "Tyros-Rooks"]
[Site "?"]
[Date "1999.10.19"]
[Round "?"]
[White "Stoltz, R"]
[Black "Decman, S"]
[Result "1-0"]
[WhiteElo "1846"]
[BlackElo "1648"]
[PlyCount "59"]
[EventDate "1999.??.??"]

1. e4 g6 2. d4 Bg7 3. Nf3 d6 4. h3 Nf6 5. Nc3 O-O 6. Be2 Na6 7. O-O c5 8. d5
Nc7 9. Re1 b6 10. Bg5 Bb7 11. Bd3 a6 12. a4 h6 13. Bf4 Nh5 14. Be3 f5 15. exf5
gxf5 16. Nh4 Qe8 17. Nxf5 Rxf5 18. Bxf5 Nf6 19. Bd3 Ncxd5 20. Bc4 Qf7 21. Qd3
Kh8 22. Rad1 e6 23. Bc1 Rg8 24. Ne2 Nb4 25. Qxd6 Bf8 26. Qxe6 Rxg2+ 27. Kf1
Qxe6 28. Bxe6 Nxc2 29. Rd8 Kg7 30. Red1 1-0

[Event "Rooks-Tyros"]
[Site "?"]
[Date "1999.10.19"]
[Round "?"]
[White "Grudzinski, J"]
[Black "Karpierz, J"]
[Result "0-1"]
[WhiteElo "1411"]
[BlackElo "1218"]
[PlyCount "44"]
[EventDate "1999.??.??"]

1. d4 d5 2. c4 e6 3. Nc3 Nf6 4. Bg5 Nbd7 5. cxd5 exd5 6. e4 dxe4 7. Qc2 Be7 8.
d5 O-O 9. Bb5 Nc5 10. O-O-O a6 11. Be2 Bf5 12. Be3 Bd6 13. Bxc5 Bxc5 14. f3 Re8
15. g4 Bd7 16. Nxe4 Nxe4 17. fxe4 Qg5+ 18. Kb1 Bd6 19. h4 Qg6 20. g5 f5 21.
exf5 Bxf5 22. Bd3 Bxd3 0-1

[Event "Rooks-Tyros"]
[Site "?"]
[Date "1999.10.19"]
[Round "?"]
[White "Savcic, V"]
[Black "Thomas, G"]
[Result "0-1"]
[WhiteElo "1099"]
[BlackElo "1527"]
[PlyCount "76"]
[EventDate "1999.??.??"]

1. e4 c5 2. d3 Nc6 3. a3 e5 4. Nf3 h6 5. Be3 Nf6 6. h3 Bd6 7. Nc3 b6 8. Nh4 Nd4
9. Bxd4 exd4 10. Nb5 Bb8 11. a4 a6 12. Na3 O-O 13. Nc4 Bc7 14. Nf5 d5 15. Nd2
dxe4 16. dxe4 Re8 17. Bd3 Bxf5 18. O-O Nxe4 19. Re1 Nd6 20. Rxe8+ Qxe8 21. Nf3
Bxd3 22. Qxd3 Qe6 23. Re1 Qf6 24. b3 Re8 25. Qxa6 Rxe1+ 26. Nxe1 Qe7 27. Nf3
Ne4 28. Qa8+ Kh7 29. Qa6 Nc3 30. Qd3+ g6 31. Kf1 Qf6 32. Nd2 Qf4 33. g3 Qf6 34.
h4 Qe6 35. Kg2 Qd5+ 36. Kh3 Qh1+ 37. Kg4 h5+ 38. Kg5 Qd5+ 0-1

[Event "Dragons-Tyros"]
[Site "?"]
[Date "2000.03.10"]
[Round "?"]
[White "Peijffers, S"]
[Black "Tamez, I"]
[Result "0-1"]
[WhiteElo "1982"]
[BlackElo "2153"]
[PlyCount "51"]
[EventDate "2000.??.??"]

1. Nf3 c5 2. e4 Nf6 3. g3 e6 4. Bg2 Be7 5. Nc3 d5 6. exd5 exd5 7. d4 Nc6 8. O-O
O-O 9. b3 Re8 10. Bb2 Bf5 11. Rc1 Qa5 12. Na4 cxd4 13. Nxd4 Bd7 14. a3 Rac8 15.
Bc3 Qa6 16. Re1 Nxd4 17. Qxd4 b5 18. Bf1 Qb7 19. Nb2 b4 20. Bd2 Ne4 21. f3 Ng5
22. Bg2 Bf6 23. Rxe8+ Rxe8 24. Qxb4 Qxb4 25. Bxb4 Bxb2 26. Rd1 {
White resigned move 36} 0-1

[Event "Dragons-Tyros"]
[Site "?"]
[Date "2000.03.10"]
[Round "?"]
[White "Tegel, F"]
[Black "Stinson, M"]
[Result "1-0"]
[WhiteElo "2102"]
[BlackElo "1942"]
[PlyCount "93"]
[EventDate "2000.??.??"]

1. c4 c5 2. Nf3 Nc6 3. g3 g6 4. Bg2 Bg7 5. O-O e5 6. Nc3 Nge7 7. a3 a6 8. Rb1
Rb8 9. b4 cxb4 10. axb4 b5 11. c5 f5 12. Qb3 e4 13. Ng5 Ne5 14. f4 Nc4 15. d3
h6 16. Ngxe4 fxe4 17. dxc4 bxc4 18. Qxc4 d5 19. cxd6 Qxd6 20. Nxe4 Qb6+ 21. Kh1
Bf5 22. Bb2 Rc8 23. Qb3 Be6 24. Qa3 Rg8 25. Bxg7 Rxg7 26. Qb2 Kf8 27. Nc5 Nd5
28. Nxe6+ Qxe6 29. Qb3 Rd7 30. e4 Nc7 31. Qxe6 Nxe6 32. Bh3 Re7 33. Rfd1 Rcc7
34. Rd6 Nxf4 35. gxf4 Rxe4 36. Rxg6 Re3 37. Rg3 Re2 38. Rg2 Rxg2 39. Bxg2 Rc2
40. Kg1 Rd2 41. Bb7 Rd6 42. f5 Rb6 43. Bc8 a5 44. b5 a4 45. Bd7 Ke7 46. Bc6 Kf6
47. Ra1 1-0

[Event "Tyros-Dragons"]
[Site "?"]
[Date "2000.03.10"]
[Round "?"]
[White "Diaz, P"]
[Black "Blackmon, E"]
[Result "1-0"]
[WhiteElo "1998"]
[BlackElo "1786"]
[PlyCount "77"]
[EventDate "2000.??.??"]

1. e4 c5 2. Nf3 Nc6 3. d4 cxd4 4. c3 dxc3 5. Nxc3 d6 6. Bc4 e6 7. O-O Nf6 8.
Qe2 Be7 9. Rd1 O-O 10. Bf4 Bd7 11. Bxd6 Bxd6 12. Rxd6 Qe7 13. Rad1 Rfd8 14. a3
a6 15. Ba2 Be8 16. e5 Rxd6 17. exd6 Qd8 18. Ne4 Nxe4 19. Qxe4 h6 20. h4 Bd7 21.
g4 Qf6 22. Rd2 Rc8 23. g5 hxg5 24. hxg5 Qf5 25. Qxf5 exf5 26. Kg2 Be6 27. Bxe6
fxe6 28. g6 Rd8 29. Ng5 e5 30. Ne6 Rd7 31. Nc5 Nb8 32. Kh3 b6 33. Nxd7 Nxd7 34.
Kh4 Kf8 35. Kg5 f4 36. Rc2 Nc5 37. Kf5 Ke8 38. b4 Nd3 39. Ke6 1-0

[Event "Dragons-Tyros"]
[Site "?"]
[Date "2000.03.10"]
[Round "?"]
[White "Altshuller, D"]
[Black "Buchner, B"]
[Result "0-1"]
[WhiteElo "1728"]
[BlackElo "1943"]
[PlyCount "60"]
[EventDate "2000.??.??"]

1. e4 e5 2. Nf3 Nf6 3. Nxe5 d6 4. Nf3 Nxe4 5. Qe2 Qe7 6. d3 Nf6 7. Bg5 Qxe2+ 8.
Bxe2 Be7 9. Nc3 c6 10. d4 Bf5 11. O-O-O O-O 12. Rhe1 Re8 13. Bd3 Be6 14. Rd2 h6
15. Bh4 Nbd7 16. Rde2 Kf8 17. h3 Nb6 18. g4 Nfd5 19. Bxe7+ Rxe7 20. Nxd5 Nxd5
21. Nh4 Nf4 22. Re3 Nxd3+ 23. Rxd3 g5 24. Nf3 Rae8 25. Rde3 Bd5 26. Rxe7 Rxe7
27. Rxe7 Kxe7 28. Nd2 Bg2 29. f3 Bxh3 30. Kd1 f5 0-1

[Event "Tyros-Dragons"]
[Site "?"]
[Date "2000.03.10"]
[Round "?"]
[White "Hahne, D"]
[Black "Eustace, D"]
[Result "0-1"]
[WhiteElo "1576"]
[BlackElo "1619"]
[PlyCount "88"]
[EventDate "2000.??.??"]

1. d4 Nf6 2. c4 c5 3. d5 g6 4. Nc3 Bg7 5. e4 d6 6. Bd3 O-O 7. Nge2 { } 7... e6
8. O-O exd5 9. exd5 a6 10. a4 10... Nbd7 { } 11. f4 {A benefit from 7 Nge2: e5
is covered and White has Ng3 followed by Nge4 hitting d6 Pawn.} 11... Re8 12.
Kh1 12... Ng4 { A problem with f4: White's dark squares are weak.} 13. g3 (13.
Rf3 13... Qh4 {with idea of Nf2+ fork or Qxh2+}) 13... Ne3 14. Bxe3 14... Rxe3
{ } 15. Qc2 (15. Qd2 Qe7 16. Rae1 Nf6 17. Ng1 {
at least trades an attacker and covers the entry points h3, f3, and e2.}) 15...
Nf6 16. f5 {An attempt at counterplay, but Black's pieces are better placed to
use open lines.} 16... Ng4 { } 17. Qd2 (17. Nf4 Bd4 18. Nce2 {with the idea of
fg and Bxg6 builds an interesting attack against the suddenly exposed Black
King.}) 17... Qg5 {Possibly looking to Qh5 hitting h2.} 18. Rf4 $2 {  Black spo
ts a combination netting at least a Pawn, but forces an ending with the Bishop
pair!} 18... Rxd3 $3 19. Qxd3 19... Qxf4 $1 {the point: now Nf2+ forks.} 20.
Nxf4 {Recapturing with the Pawn results in White being down a piece.} 20...
Nf2+ 21. Kg2 Nxd3 22. Nxd3 22... Bxf5 {
So the smoke has cleared finding White's Knights without much future.} 23. Nf4
Re8 24. Kf1 Re3 25. Re1 Rxe1+ 26. Kxe1 Bxc3+ 27. bxc3 {
Black has forced a position and now finds a way to win another Pawn.} 27... Bc2
28. a5 Bb3 29. Ng2 Bxc4 30. Ne3 Bd3 31. Kd2 31... c4 {
Now Black only needs to get his King to e5 for an easy finish.} 32. Nd1 f5 33.
Nb2 Kf7 (33... Bf1 34. Ke1 Bg2 35. Nxc4 Bxd5 36. Nxd6 {
is still to Blacks advantage}) 34. Nxd3 cxd3 35. Kxd3 Kf6 36. Kd4 36... Ke7 {
Black decides on a slower method of the same theme.} (36... g5 {threatens to
make a passer with f4 and will eventually allow Black King entry via e5.}) 37.
c4 Kd7 38. Ke3 Kc7 39. Kd4 b6 40. axb6+ Kxb6 41. c5+ 41... dxc5+ {
Black need only keep his King in front of the d-Pawn to win easily.} 42. Ke5
Kc7 43. Ke6 43... Kd8 {That'll do it!} (43... c4 $4 44. d6+ {
and White wins due to check!}) 44. d6 c4 0-1

[Event "Tyros-Dragons"]
[Site "?"]
[Date "2000.03.10"]
[Round "?"]
[White "LaForge, W"]
[Black "Salerno, S"]
[Result "1/2-1/2"]
[WhiteElo "1289"]
[BlackElo "1308"]
[PlyCount "88"]
[EventDate "2000.??.??"]

1. c4 g6 2. d4 c5 3. d5 d6 4. Nc3 Bg7 5. Bd2 Nf6 6. Nf3 O-O 7. h3 Re8 8. e4 e6
9. Bg5 Qb6 10. Qc2 Bd7 11. Bd3 Na6 12. a3 Nc7 13. O-O exd5 14. exd5 Kh8 15.
Rab1 Qa6 16. a4 b6 17. Bf4 Bf8 18. b3 Qc8 19. Ne4 Nxe4 20. Bxe4 Rxe4 21. Qxe4
Bf5 22. Qe3 Bxb1 23. Rxb1 Qf5 24. Re1 Re8 25. Qc3+ Bg7 26. Rxe8+ Nxe8 27. Qe3
Qd7 28. Ng5 Bd4 29. Qg3 Qe7 30. Kh2 Bf6 31. Qh4 Bxg5 32. Bxg5 f6 33. Bd2 Kg7
34. Bc3 Qf8 35. g4 Qe7 36. g5 Qf8 37. Qh6+ Kg8 38. Qxf8+ Kxf8 39. f4 fxg5 40.
fxg5 Ng7 41. Bxg7+ Kxg7 42. Kg3 h6 43. gxh6+ Kxh6 44. Kg4 g5 1/2-1/2

[Event "Tyros"]
[Site "?"]
[Date "2000.03.10"]
[Round "?"]
[White "Karpierz, J"]
[Black "Savcic, V"]
[Result "1-0"]
[WhiteElo "1218"]
[BlackElo "1099"]
[PlyCount "65"]
[EventDate "2000.??.??"]

1. d4 d5 2. c4 Nc6 3. Nf3 h6 4. Nc3 e6 5. Bf4 a6 6. e3 Nf6 7. Bd3 Bb4 8. O-O
Na5 9. cxd5 Nxd5 10. Nxd5 Qxd5 11. a3 Bd6 12. e4 Qc6 13. Rc1 Qd7 14. Ne5 Bxe5
15. Bxe5 Nc6 16. Bxg7 Rg8 17. Bxh6 e5 18. d5 Qh3 19. g3 Qxh6 20. dxc6 Rh8 21.
h4 bxc6 22. Kg2 Rg8 23. Rh1 Rb8 24. b4 Bb7 25. Rc5 Qf6 26. Qf3 Qd6 27. Bc4 Rf8
28. Rd1 Qe7 29. Qh5 Bc8 30. Rxe5 Be6 31. Rxe6 Qxe6 32. Bxe6 Ke7 33. Bf5 1-0